5 Largest cities in North Korea - Statistics

General Stats
  • This quiz has been taken 246 times
  • The average score is 2 of 5
Answer Stats
Answer % Correct
3,255,288 Pyongyang
100%
768,551 Hamhung
54%
667,929 Chongjin
43%
366,341 Nampo
32%
363,127 Wonson
9%
No matching quizzes found
Score Distribution
Percent of People with Each Score
Percentile by Number Answered
Your Score History
You have not taken this quiz